All 1K+ Cities in Australia on a Map - Statistics

General Stats
  • This quiz has been taken 617 times
  • The average score is 76 of 1034
Answers on the Map
Answers color-coded by a green-red scale on the quiz's map according to % correct below.
 
Answer Stats
Population Answer % Correct
5,312,163 Sydney
90%
5,078,193 Melbourne
89%
2,059,484 | 2,965 Perth
89%
1,345,777 Adelaide
85%
2,514,184 Brisbane
85%
136,828 Darwin
82%
426,704 Canberra
75%
679,127 Gold Coast
75%
240,342 Hobart
75%
23,726 Alice Springs
73%
152,729 Cairns
68%
322,278 Newcastle
65%
180,820 Townsville
63%
263,280 Geelong
55%
302,739 Wollongong
52%
14,445 Broome
50%
87,328 Launceston
50%
1,236 The Rock
50%
99,122 Bendigo
49%
136,861 Toowoomba
49%
105,471 Ballarat
48%
47,974 Albury
45%
78,592 Rockhampton
45%
80,148 Mackay
43%
56,442 Wagga Wagga
43%
17,734 Broken Hill
42%
18,588 Mount Isa
42%
40,493 Orange
42%
34,205 Albany
40%
38,392 Dubbo
40%
71,822 Coffs Harbour
38%
47,973 Port Macquarie
38%
70,921 Bundaberg
36%
23,046 Devonport
35%
51,631 Shepparton
35%
36,801 Bathurst
34%
37,648 Geraldton
34%
1,488 Katherine
34%
3,026 Central Coast
33%
29,639 Mount Gambier
33%
42,872 Tamworth
33%
74,363 Bunbury
32%
5,521 Byron Bay
32%
29,849 Kalgoorlie
32%
32,738 Mildura
32%
13,799 Port Augusta
30%
35,130 Wodonga
30%
12,145 Esperance
29%
33,418 Gladstone
28%
28,720 Lismore
28%
14,320 Port Hedland
28%
16,326 Port Lincoln
28%
24,504 Armidale
27%
19,385 Burnie
27%
2,486 Exmouth
27%
163,000 Ipswich
27%
35,214 Warrnambool
26%
14,934 Echuca
25%
23,835 Goulburn
25%
16,708 Karratha
25%
3,504 Port Douglas
25%
15,135 Sale
25%
25,329 Busselton
24%
1,762 Coober Pedy
24%
20,251 Griffith
24%
54,674 Hervey Bay
24%
26,381 Ballina
23%
3,325 Derby
23%
18,779 Murray Bridge
23%
37,420 Nowra
23%
19,318 Wangaratta
23%
3,151 Eden
22%
14,119 | 5,778 Emerald
22%
19,078 Grafton
22%
2,970 Longreach
22%
1,029 | 78,015 Maitland
22%
27,282 | 7,921 Maryborough
22%
14,188 Port Pirie
22%
11,294 Batemans Bay
21%
3,499 Gosford
21%
10,900 Portland
21%
26,381 Taree
21%
25,485 Traralgon
21%
8,176 Tweed Heads
21%
15,380 Warwick
21%
21,742 Whyalla
21%
16,514 Horsham
20%
1,790 Queenstown
20%
3,048 Saint George
20%
11,103 Swan Hill
20%
6,506 Yass
20%
1,850 | 2,157 Ceduna
19%
6,681 Cooma
19%
21,599 Gympie
19%
9,974 Hamilton
19%
4,810 Lakes Entrance
19%
8,069 Melton
19%
11,408 Parkes
19%
1,909 Bourke
18%
2,406 Hay
18%
7,964 Katoomba
18%
6,392 Margaret River
18%
36,348 Queanbeyan
18%
1,464 | 5,482 Richmond
18%
6,848 Roma
18%
16,346 Singleton
18%
4,233 Victor Harbor
18%
4,668 Bega
17%
2,406 Bright
17%
4,426 Carnarvon
17%
2,631 Cooktown
17%
7,459 Fremantle
17%
7,700 Kiama
17%
10,409 Kingston
17%
12,973 Lithgow
17%
13,295 Penrith
17%
4,066 Tenterfield
17%
19,003 Yeppoon
17%
7,580 Bairnsdale
16%
2,953 Bordertown
16%
12,949 Bowral
16%
3,335 Charleville
16%
3,990 Cobar
16%
10,063 Cowra
16%
13,740 Forster
16%
5,308 Kununurra
16%
7,837 Mandurah
16%
8,778 Moe
16%
9,311 Moree
16%
1,905 | 16,629 Mount Barker
16%
4,634 Renmark
16%
1,090 Robe
16%
4,077 Wellington
16%
10,914 Casino
15%
12,719 Dalby
15%
6,155 Glen Innes
15%
15,309 Kempsey
15%
10,923 Mudgee
15%
6,327 Seymour
15%
3,899 Weipa
15%
8,300 Ararat
14%
8,738 Ayr
14%
22,223 Bacchus Marsh
14%
12,566 Campbelltown
14%
21,725 Cessnock
14%
2,719 Cloncurry
14%
12,547 Colac
14%
8,432 Forbes
14%
14,026 Morwell
14%
5,624 Scone
14%
5,406 Stanthorpe
14%
13,258 Torquay
14%
15,278 Ulladulla
14%
14,109 Ulverstone
14%
1,208 Airlie Beach
13%
9,298 Benalla
13%
41,293 Caloundra
13%
2,558 Denmark
13%
36,097 Frankston
13%
26,472 Gawler
13%
6,355 Goondiwindi
13%
2,629 Jindabyne
13%
1,063 Mallacoota
13%
12,364 Muswellbrook
13%
4,567 Newman
13%
2,548 York
13%
6,395 Beaudesert
12%
10,377 Bowen
12%
6,757 Castlemaine
12%
8,120 Charters Towers
12%
4,357 Ingham
12%
7,236 Innisfail
12%
2,284 Lightning Ridge
12%
3,544 Merimbula
12%
6,327 Nambucca Heads
12%
7,606 Narrabri
12%
2,014 Orbost
12%
3,340 Port Fairy
12%
4,500 Roxby Downs
12%
3,881 Smithton
12%
36,084 Sunbury
12%
3,005 Tom Price
12%
14,276 Warragul
12%
1,437 Wentworth
12%
6,076 Yamba
12%
4,103 Berri
11%
26,433 Caboolture
11%
7,862 Deniliquin
11%
11,660 Inverell
11%
1,114 Lorne
11%
7,032 Murwillumbah
11%
11,187 Nambour
11%
11,820 Nelson Bay
11%
1,191 Ouyen
11%
6,032 Stawell
11%
1,109 Augusta
10%
2,667 Berry
10%
3,290 Coonabarabran
10%
29,906 Dandenong
10%
4,347 George Town
10%
2,350 Goolwa
10%
1,676 Gundagai
10%
10,398 Kingaroy
10%
4,787 Mansfield
10%
11,079 Mareeba
10%
5,960 Naracoorte
10%
3,240 Nhulunbuy
10%
6,548 Northam
10%
3,141 West Wyalong
10%
6,001 Wynyard
10%
4,326 Wyong
10%
2,135 Yarram
10%
10,295 Young
10%
7,331 Atherton
9%
3,230 Camden
9%
3,160 Clare
9%
4,839 Cowes
9%
2,548 Daylesford
9%
1,297 Fitzroy Crossing
9%
9,726 Gunnedah
9%
1,546 Halls Creek
9%
7,461 Healesville
9%
1,076 Keith
9%
7,958 Kilmore
9%
6,044 Kurri Kurri
9%
8,999 Mittagong
9%
8,579 Moss Vale
9%
1,872 Nhill
9%
3,849 Penguin
9%
4,603 South West Rocks
9%
2,297 Tara
9%
2,610 Thursday Island
9%
1,099 Yulara
9%
2,545 Anglesea
8%
1,539 Beaufort
8%
5,758 Biloela
8%
1,416 Blackall
8%
1,103 Burra
8%
1,584 Childers
8%
6,782 Cootamundra
8%
3,275 Euroa
8%
1,053 Gin Gin
8%
1,081 Jabiru
8%
4,922 Junee
8%
7,464 Kingscliff
8%
2,197 Kyogle
8%
16,355 Lara
8%
8,623 Leeton
8%
6,407 Lennox Head
8%
5,119 Leongatha
8%
3,838 Loxton
8%
4,198 Moama
8%
1,937 Mossman
8%
2,000 Nimbin
8%
46,421 Pakenham
8%
1,416 Peterborough
8%
3,562 Proserpine
8%
1,315 Queenscliff
8%
12,820 Raymond Terrace
8%
3,088 Robinvale
8%
2,070 Saint Helens
8%
1,552 Sheffield
8%
1,378 Streaky Bay
8%
6,186 Tuncurry
8%
2,553 Walcha
8%
2,145 Walgett
8%
6,312 Wauchope
8%
7,930 Yarrawonga
8%
1,587 Yea
8%
2,084 Aberdeen
7%
1,598 Apollo Bay
7%
1,164 Bamaga
7%
1,422 Barcaldine
7%
3,859 Beechworth
7%
4,396 Blackheath
7%
3,498 Bridgewater
7%
1,737 Brunswick Heads
7%
3,369 Camperdown
7%
6,612 Chinchilla
7%
7,192 Collie
7%
5,482 Corowa
7%
1,104 Dampier
7%
11,887 Drouin
7%
2,025 Dungog
7%
2,847 Evans Head
7%
3,126 Gilgandra
7%
13,963 Gisborne
7%
1,790 Kingscote
7%
5,280 Maffra
7%
4,349 Manjimup
7%
1,746 Miles
7%
4,734 Millicent
7%
2,605 Narooma
7%
4,375 Narrandera
7%
4,705 Oakey
7%
3,480 Paynesville
7%
1,312 Penola
7%
3,113 Rochester
7%
1,254 San Remo
7%
31,908 Southport
7%
2,390 Tully
7%
8,520 Wallan
7%
4,965 Wonthaggi
7%
5,290 Woolgoolga
7%
2,985 Ballan
6%
1,343 Balranald
6%
14,165 Barwon Heads
6%
7,451 Blaxland
6%
1,387 Bombala
6%
2,812 Bridgetown
6%
4,319 Broadford
6%
1,309 Cardwell
6%
3,170 Creswick
6%
2,848 Deloraine
6%
1,730 Dimboola
6%
1,380 Dongara
6%
5,320 Dunsborough
6%
1,842 Foster
6%
7,101 Gatton
6%
1,981 Gayndah
6%
2,975 Gloucester
6%
1,151 Gordon
6%
2,027 Guyra
6%
2,670 Hahndorf
6%
2,750 Harvey
6%
2,793 Heathcote
6%
1,726 Heywood
6%
1,359 Howard
6%
1,718 Iluka
6%
5,437 Inverloch
6%
1,093 Kalbar
6%
3,687 Katanning
6%
6,951 Kyneton
6%
4,169 Latrobe
6%
4,644 Leura
6%
1,497 | 3,863 Longford
6%
2,598 Macksville
6%
2,850 Merredin
6%
2,857 Morisset
6%
3,172 Mullumbimby
6%
2,378 Murgon
6%
4,274 Narrogin
6%
5,432 New Norfolk
6%
1,210 Normanton
6%
2,159 Nyngan
6%
3,256 Oberon
6%
4,816 Picton
6%
2,910 Pomona
6%
2,102 Port Elliot
6%
2,193 Saint Arnaud
6%
1,592 Sorrento
6%
8,475 Springwood
6%
2,966 Stirling
6%
1,665 Tailem Bend
6%
2,242 Tin Can Bay
6%
1,527 Tocumwal
6%
6,230 Tumut
6%
2,743 Uralla
6%
2,012 Warburton
6%
2,340 Warracknabeal
6%
1,891 Windsor
6%
8,868 Yanchep
6%
2,695 Alexandra
5%
2,095 Angaston
5%
1,193 Avoca
5%
1,298 Beaconsfield
5%
3,779 Bellingen
5%
1,536 Bermagui
5%
4,749 Blackwater
5%
3,378 Blayney
5%
6,661 Bomaderry
5%
2,484 Boonah
5%
1,143 Brewarrina
5%
1,568 Bridport
5%
1,424 Bulahdelah
5%
1,986 Camden Haven
5%
2,509 Capel
5%
1,668 Casterton
5%
1,050 Charlton
5%
1,728 Clunes
5%
6,014 Cobram
5%
2,428 Cohuna
5%
1,290 Coolah
5%
2,750 Coonamble
5%
1,109 Cowell
5%
1,140 Cunnamulla
5%
1,498 Donald
5%
2,824 Donnybrook
5%
2,519 Finley
5%
3,966 Gerringong
5%
6,671 Gordonvale
5%
1,465 Hillston
5%
1,136 Hughenden
5%
1,349 Kalbarri
5%
2,539 Kambalda
5%
7,321 Kyabram
5%
1,585 Lang Lang
5%
2,644 Mannum
5%
1,761 Merriwa
5%
1,156 Middleton
5%
8,735 Moranbah
5%
3,982 Moruya
5%
3,193 Myrtleford
5%
4,842 Nairne
5%
4,389 Old Bar
5%
4,910 Pinjarra
5%
3,444 Quirindi
5%
1,249 Rainbow Beach
5%
1,865 Robertson
5%
1,654 Rosedale
5%
2,378 Rutherglen
5%
5,522 Sarina
5%
2,373 Scottsdale
5%
1,667 Somers
5%
2,907 Sorell
5%
2,617 Stratford
5%
6,504 Strathalbyn
5%
4,588 Tanunda
5%
1,675 Tathra
5%
4,693 Temora
5%
4,006 The Entrance
5%
1,474 Tumby Bay
5%
2,684 Waikerie
5%
3,988 Wallaroo
5%
5,611 Whittlesea
5%
5,374 Wingham
5%
3,458 Woodford
5%
2,869 Yarra Glen
5%
2,210 Agnes Water
4%
14,539 Australind
4%
6,769 Beerwah
4%
6,947 Bongaree
4%
1,651 Braidwood
4%
1,717 Broulee
4%
3,438 Calliope
4%
1,128 Cherbourg
4%
1,531 Crescent Head
4%
2,160 Crows Nest
4%
1,405 Doomadgee
4%
1,221 Dunedoo
4%
8,421 Emu Plains
4%
1,698 Esk
4%
1,345 Evandale
4%
1,223 Hawks Nest
4%
1,993 Heyfield
4%
1,715 Holbrook
4%
1,029 Jerilderie
4%
13,201 Jimboomba
4%
3,893 Kerang
4%
3,494 Lake Cathie
4%
2,614 Lawson
4%
1,061 Lockhart
4%
2,628 Maclean
4%
3,441 Maleny
4%
2,308 Maningrida
4%
3,096 McLaren Vale
4%
1,449 Metung
4%
1,083 Mollymook
4%
1,773 Moora
4%
1,963 Mount Morgan
4%
3,599 Nanango
4%
16,864 Nerang
4%
1,380 Paraburdoo
4%
3,619 Portarlington
4%
6,704 Pottsville
4%
1,400 Ravenshoe
4%
5,060 Red Cliffs
4%
3,682 Sawtell
4%
1,926 Tongala
4%
1,590 Warialda
4%
1,389 Warren
4%
6,076 Wentworth Falls
4%
1,954 Winchelsea
4%
1,811 Yackandandah
4%
5,739 Alstonville
3%
3,846 Anna Bay
3%
2,633 Appin
3%
1,253 Babinda
3%
5,283 Bannockburn
3%
4,393 Bargo
3%
1,410 Barraba
3%
1,222 Beauty Point
3%
1,428 Bingara
3%
1,641 Boorowa
3%
1,122 Bowraville
3%
1,991 Branxton
3%
5,448 Bullsbrook
3%
4,178 Bungendore
3%
2,468 Bunyip
3%
2,258 Canowindra
3%
1,605 Chiltern
3%
4,783 Churchill
3%
1,456 Clifton
3%
1,029 Coleraine
3%
3,486 Condobolin
3%
3,791 Cooroy
3%
1,348 Corryong
3%
1,902 Cowaramup
3%
1,473 Culcairn
3%
1,556 Cygnet
3%
2,467 Dodges Ferry
3%
1,191 Dorrigo
3%
2,234 Emerald Beach
3%
2,350 Gembrook
3%
5,051 Glenbrook
3%
2,573 Grenfell
3%
2,521 Gulgong
3%
3,027 Home Hill
3%
5,132 Howard Springs
3%
2,777 Howlong
3%
2,714 Huonville
3%
1,761 Jurien Bay
3%
4,587 Kadina
3%
10,394 Kangaroo Flat
3%
1,411 Karuah
3%
1,141 Kendall
3%
1,089 Kew
3%
2,126 Kootingal
3%
4,469 Korumburra
3%
3,008 Kuranda
3%
3,808 Laidley
3%
12,814 Leopold
3%
3,586 Logan Village
3%
3,336 Lowood
3%
1,352 Macclesfield
3%
2,040 Macedon
3%
1,985 Malanda
3%
2,550 Manilla
3%
1,663 Milton
3%
2,197 Mirboo North
3%
1,031 Mitchell
3%
2,577 Molong
3%
17,888 Mount Eliza
3%
2,030 Murrumburrah
3%
1,012 Nar Nar Goon
3%
4,477 Numurkah
3%
6,314 Nuriootpa
3%
1,157 Oatlands
3%
5,137 Ocean Shores
3%
1,106 Peak Hill
3%
2,280 Port Keats
3%
2,834 Rosewood
3%
8,416 Rye
3%
10,931 Samford
3%
7,225 Sanctuary Point
3%
3,959 Sandstone Point
3%
3,903 Somerset
3%
5,067 Tahmoor
3%
1,082 Tallangatta
3%
4,448 Tatura
3%
2,884 Tea Gardens
3%
2,288 Terang
3%
3,912 Trafalgar
3%
1,862 Tumbarumba
3%
2,241 Tuross Head
3%
3,000 Urunga
3%
2,080 Wee Waa
3%
1,572 Werris Creek
3%
2,006 Westbury
3%
2,755 Williamstown
3%
5,806 Woodend
3%
2,549 Yarra Junction
3%
1,064 Yarraman
3%
1,223 Allora
2%
1,048 Avenel
2%
1,902 Balaklava
2%
7,485 Bargara
2%
1,518 Barham
2%
1,914 Barmera
2%
1,313 Batlow
2%
2,162 Baxter
2%
4,112 Beachmere
2%
1,197 Berridale
2%
1,298 Birdwood
2%
1,198 Boddington
2%
1,130 Boggabri
2%
1,027 Bucca
2%
2,729 Bundanoon
2%
3,714 Buninyong
2%
2,067 Burrum Heads
2%
1,119 Carlton
2%
3,031 Clermont
2%
1,839 Cobden
2%
2,164 Coldstream
2%
1,248 Collinsville
2%
2,199 Coolamon
2%
1,457 Cooran
2%
5,449 Cooranbong
2%
1,111 Cressy
2%
2,641 Crookwell
2%
1,515 Crystal Brook
2%
1,920 Curra
2%
1,162 Darlington Point
2%
1,789 Denman
2%
5,803 Dromana
2%
4,275 Drysdale
2%
2,991 Dysart
2%
2,021 Emu Park
2%
4,901 Encounter Bay
2%
1,924 Eumundi
2%
4,025 Faulconbridge
2%
3,209 Fernvale
2%
1,094 Franklin
2%
1,786 Garfield
2%
3,576 Glass House Mountains
2%
1,084 Glengarry
2%
1,523 Gol Gol
2%
11,315 Gracemere
2%
2,830 Greta
2%
1,208 Hamilton Island
2%
6,383 Helensburgh
2%
8,131 Highfields
2%
5,325 Irymple
2%
1,561 Jamestown
2%
1,315 Kandos
2%
2,917 Kapunda
2%
8,968 Kelso
2%
1,898 Kilcoy
2%
1,536 Kinglake
2%
2,055 Koroit
2%
20,086 Kwinana
2%
3,812 Landsborough
2%
1,046 Lawrence
2%
4,029 Legana
2%
1,322 Little River
2%
2,527 Lobethal
2%
1,046 Lower Beechmont
2%
2,000 Lyndoch
2%
1,513 Maldon
2%
3,920 Margate
2%
1,178 Marulan
2%
1,121 McLaren Flat
2%
1,369 Meadows
2%
1,150 Menangle
2%
2,713 Merbein
2%
1,563 Millmerran
2%
1,253 Millthorpe
2%
1,189 Monto
2%
1,126 Moonbi
2%
7,942 Mooroopna
2%
1,372 Mortlake
2%
1,731 Mount Compass
2%
6,835 Mount Cotton
2%
1,899 Moura
2%
3,219 Murrumbateman
2%
1,038 Murrurundi
2%
1,886 Nagambie
2%
4,689 Narromine
2%
1,305 Neerim South
2%
2,455 Palm Island
2%
3,294 Pittsworth
2%
1,596 Plainland
2%
1,034 Port Broughton
2%
2,022 Port Sorell
2%
1,131 Quorn
2%
2,176 Ravenswood
2%
4,412 Romsey
2%
1,335 Rushworth
2%
11,884 Rutherford
2%
2,913 Saint Georges Basin
2%
2,480 Saint Leonards
2%
4,815 Salamander Bay
2%
2,287 Sandy Beach
2%
3,059 Shoalhaven Heads
2%
1,103 Springsure
2%
4,767 Strathfield
2%
3,575 Sussex Inlet
2%
5,145 Tannum Sands
2%
4,046 Thirlmere
2%
1,202 Timboon
2%
2,718 Tolga
2%
1,180 Trentham
2%
2,990 Two Rocks
2%
1,926 Two Wells
2%
2,479 Vasse
2%
3,290 Vincentia
2%
1,824 Wagin
2%
2,295 Wickham
2%
2,308 Willunga
2%
1,973 Wondai
2%
2,608 Woodside
2%
1,029 Yallingup
2%
2,221 Yandina
2%
1,650 Yarragon
2%
1,106 Yungaburra
2%
2,473 Aberdare
1%
2,337 Abermain
1%
3,361 Aldgate
1%
1,521 Allansford
1%
2,818 Angle Vale
1%
1,167 Ardrossan
1%
1,356 Bagdad
1%
1,075 Balhannah
1%
2,270 Balnarring
1%
2,021 Bangalow
1%
16,167 Banora Point
1%
1,817 Barooga
1%
1,776 Batehaven
1%
2,032 Bellbird
1%
1,260 Berrigan
1%
2,330 Beveridge
1%
1,163 Beverley
1%
1,227 Binningup
1%
7,801 Bli Bli
1%
1,668 Boambee
1%
3,060 Bogangar
1%
2,971 Bonny Hills
1%
2,554 Bonville
1%
1,449 Booral
1%
1,217 Boyanup
1%
4,760 Boyne Island
1%
1,094 Brandon
1%
2,656 Burnett Heads
1%
1,212 Buronga
1%
6,433 Burpengary
1%
2,645 Burradoo
1%
2,028 Buxton
1%
1,584 Cambooya
1%
5,716 Cannonvale
1%
1,229 Canungra
1%
1,010 Capella
1%
2,020 Cedar Grove
1%
1,313 Chewton
1%
1,994 Clarence Town
1%
7,519 Clifton Springs
1%
4,256 Cockatoo
1%
1,331 Coleambally
1%
1,618 Colo Vale
1%
5,914 Concord
1%
1,200 Coominya
1%
1,277 Coraki
1%
1,686 Corindi Beach
1%
3,405 Corrimal
1%
3,183 Crib Point
1%
2,874 Culburra
1%
2,054 Cundletown
1%
9,121 Currumbin
1%
1,937 Dalmeny
1%
8,372 Darley
1%
1,940 Dayboro
1%
1,362 Douglas Park
1%
1,477 Drummond Cove
1%
1,094 Eagle Point
1%
3,206 East Hills
1%
1,109 Echunga
1%
1,204 Eden Park
1%
1,040 Elliott Heads
1%
1,117 Eudlo
1%
1,391 Frederickton
1%
2,214 Freeling
1%
1,302 Geeveston
1%
1,187 Glenview
1%
1,442 Gooburrum
1%
1,032 Goombungee
1%
2,120 Gowrie Junction
1%
5,500 Granville
1%
1,087 Greenock
1%
1,209 Greenwell Point
1%
2,275 Hadspen
1%
1,348 Hay Point
1%
2,047 Heddon Greta
1%
1,059 Helidon
1%
1,237 Henty
1%
2,674 Hill Top
1%
2,379 Huntly
1%
3,450 Hurstbridge
1%
1,133 Indented Head
1%
1,474 Inverleigh
1%
1,839 Jacobs Well
1%
1,636 Jamberoo
1%
1,246 Jandowae
1%
1,789 Kambalda West
1%
5,004 Kiama Downs
1%
1,166 Kinglake West
1%
1,648 Kingston South East
1%
1,165 Kojonup
1%
2,488 Korora
1%
1,479 Lake Cargelligo
1%
1,248 Langwarrin
1%
2,394 Launching Place
1%
1,014 Lethbridge
1%
1,503 Little Grove
1%
3,044 Little Hampton
1%
1,436 Long Beach
1%
2,004 Longwarry
1%
1,254 Lucknow
1%
4,981 Lyndhurst
1%
3,453 Maddingley
1%
1,929 Malua Bay
1%
1,564 Mapleton
1%
3,173 Marcoola
1%
3,903 Marian
1%
1,416 Marong
1%
5,025 McMinns Lagoon
1%
1,118 Meningie
1%
1,914 Middlemount
1%
1,006 Millfield
1%
1,653 Millgrove
1%
1,093 Minden
1%
1,099 Minlaton
1%
1,541 Mirani
1%
1,124 Monash
1%
3,321 Mooloolah
1%
2,368 Moore
1%
2,650 Moore Park
1%
2,203 Mount Clear
1%
9,702 Mount Evelyn
1%
1,335 Mount Macedon
1%
1,020 Mount Pleasant
1%
1,904 Mulwala
1%
1,232 Mundijong
1%
1,261 Mundubbera
1%
1,055 Nana Glen
1%
18,573 Narangba
1%
1,880 Nathalia
1%
4,675 Ningi
1%
1,701 Nullagine
1%
1,527 Nyora
1%
5,676 Palmwoods
1%
1,062 Panton Hill
1%
1,105 Paringa
1%
3,821 Pearcedale
1%
1,410 Port Denison
1%
1,078 Puckapunyal
1%
27,080 Quakers Hill
1%
1,199 Raglan
1%
1,268 Ranelagh
1%
1,834 Redbank
1%
3,753 Riddell
1%
1,539 River Heads
1%
1,036 Riverton
1%
15,317 Rochedale
1%
1,536 Rockbank
1%
1,265 Serpentine
1%
1,316 Sharon
1%
3,682 Silverdale
1%
1,032 Smythesdale
1%
1,199 Snug
1%
11,336 Somerville
1%
6,068 South Grafton
1%
2,673 Stirling North
1%
3,750 Suffolk Park
1%
1,660 Sutton
1%
3,950 Tambourine
1%
1,721 Teesdale
1%
2,525 The Oaks
1%
1,010 The Palms
1%
1,092 Tinonee
1%
1,001 Tomakin
1%
1,408 Toodyay
1%
1,279 Toogoolawah
1%
1,568 Tooradin
1%
3,158 Tura Beach
1%
3,338 Tyabb
1%
1,313 Valla Beach
1%
1,211 Valley Heights
1%
1,098 Wahgunyah
1%
3,403 Walkerston
1%
1,980 Wallerawang
1%
2,934 Waroona
1%
1,241 Warragamba
1%
1,019 Wesburn
1%
3,693 Weston
1%
3,007 Wilberforce
1%
3,080 Wilton
1%
1,844 Withcott
1%
3,246 Woombye
1%
1,829 Woorim
1%
2,913 Woori Yallock
1%
1,657 Wy Yung
1%
1,545 Yallourn North
1%
2,559 Yarrabah Aboriginal Community
1%
1,164 Yerrinbool
1%
1,230 Aldavilla
0%
1,152 Aldershot
0%
2,143 Alice River
0%
1,353 Alligator Creek
0%
1,278 Alton Downs
0%
9,419 Andergrove
0%
1,563 Badger Creek
0%
1,118 Bakers Hill
0%
2,370 Baranduda
0%
1,554 Basin View
0%
3,620 Bay View
0%
2,861 Beaconsfield Upper
0%
1,645 Belgrave South
0%
3,683 Bellbrae
0%
8,782 Bentley
0%
1,183 Bindoon
0%
1,040 Bluewater
0%
3,205 Bohle Plains
0%
1,085 Bouldercombe
0%
1,571 Bowen Mountain
0%
1,081 Briagolong
0%
4,771 Bucasia
0%
1,465 Burrill Lake
0%
1,322 Bywong
0%
1,075 Cabarlah
0%
1,786 Campbells Creek
0%
5,929 Cannington
0%
1,115 Carisbrook
0%
1,828 Chidlow
0%
1,566 Chinderah
0%
2,633 Cooloola Cove
0%
11,019 Corinda
0%
1,060 Coutts Crossing
0%
1,827 Craignish
0%
1,522 Cumbalum
0%
4,117 Curl Curl
0%
1,551 Curlewis
0%
1,907 Dennington
0%
1,548 Devon Meadows
0%
1,050 Dimbulah
0%
1,710 Drayton
0%
1,002 Dunbogan
0%
5,571 East Ballina
0%
1,098 Ellalong
0%
1,518 Ferny Creek
0%
1,973 Freemans Reach
0%
2,023 Freshwater
0%
1,308 Glenden
0%
1,877 Gleneagle
0%
4,519 Glenella
0%
12,900 Goonellabah
0%
1,694 Gulmarrad
0%
1,146 Gundaroo
0%
1,194 Haddon
0%
1,256 Hanwood
0%
1,521 Hatton Vale
0%
1,398 Hindmarsh
0%
2,302 Innes Park
0%
1,192 Jarrahdale
0%
1,476 Jensen
0%
2,222 Jindera
0%
1,091 Julatten
0%
3,201 Junortoun
0%
3,862 Karana Downs
0%
1,093 Kersbrook
0%
1,617 Kleinton
0%
1,725 Kooralbyn
0%
1,342 Kurrajong Heights
0%
2,932 Leschenault
0%
8,437 Lesmurdie
0%
2,947 Lewiston
0%
2,193 Lismore Heights
0%
2,127 Lower Chittering
0%
1,832 Lower King
0%
6,663 Lysterfield
0%
2,823 McCrae
0%
2,211 Meringandan
0%
7,071 Merrimac
0%
2,084 Mid Sapphire Beach
0%
3,095 Miners Rest
0%
1,933 Moonee Beach
0%
1,098 Moorooduc
0%
1,832 Mount Crosby
0%
1,251 Mount Dandenong
0%
4,655 Mount Low
0%
1,042 Mulambin
0%
1,097 Mylor
0%
7,674 Narre Warren North
0%
1,196 Nelly Bay
0%
1,095 Nicholson
0%
1,016 Nome
0%
1,670 North Haven
0%
5,933 North Mackay
0%
7,506 North Tamborine
0%
2,806 North Wonthaggi
0%
1,843 Oakdale
0%
1,444 Oakhurst
0%
1,738 Olinda
0%
2,077 One Mile
0%
4,231 Oxford Park
0%
1,762 Park Ridge
0%
1,093 Parsons Point
0%
3,791 Peregian Beach
0%
1,667 Pine Mountain
0%
2,684 Point Lonsdale
0%
5,699 Point Vernon
0%
2,344 Port Moonta
0%
1,336 Quindalup
0%
4,456 Rasmussen
0%
1,788 Raworth
0%
1,301 Renmark West
0%
1,405 Ripley
0%
3,073 Riverview
0%
1,061 Sassafras Gully
0%
3,519 Scarness
0%
1,286 Seven Mile Beach
0%
1,246 Silvan
0%
5,303 Smithfield Heights
0%
1,235 Smiths Lake
0%
1,114 South Murwillumbah
0%
1,669 Spreyton
0%
1,371 Surfside
0%
1,425 Table Top
0%
3,667 Tallebudgera
0%
2,926 Terranora
0%
1,129 Tieri
0%
1,065 Tomerong
0%
2,178 Toogoom
0%
6,969 Urraween
0%
1,998 Wahroonga
0%
1,364 Wallington
0%
1,548 Walloon
0%
6,431 Waterford
0%
1,325 Waterview Heights
0%
1,961 Wattleglen
0%
6,197 Wentworthville
0%
3,885 Westbrook
0%
5,342 West Tamworth
0%
1,201 Witta
0%
9,060 Wollert
0%
2,828 Wollongbar
0%
1,245 Wongaling Beach
0%
3,796 Wonga Park
0%
2,642 Wooroloo
0%
5,068 Worragee
0%
1,352 Wundowie
0%
1,112 Wurruk
0%
1,834 Wyreema
0%
1,623 Yaroomba
0%
1,029 Yellow Rock
0%
1,537 Yenda
0%
3,114 Yunderup
0%
No matching quizzes found
Score Distribution
Percent of People with Each Score
Percentile by Number Answered
Your Score History
You have not taken this quiz